Statistics for Largest U.S. Cities on State Borders

Click here to take the quiz!

General Stats

  • This quiz has been taken 11,667 times
  • The average score is 14 of 24

Answer Stats

PopulationBorderCity% Correct
8,336,817NY-NJNew York City
98%
2,693,976IL-INChicago
94%
1,584,064PA-NJPhiladelphia
92%
495,327MO-KSKansas City
87%
654,741OR-WAPortland
85%
681,728TX-NMEl Paso
82%
651,073TN-MS-ARMemphis
81%
885,708NC-SCCharlotte
79%
300,576MO-ILSt. Louis
77%
303,940OH-KYCincinnati
74%
617,638KY-INLouisville
72%
478,192NE-IAOmaha
66%
255,601NV-CAReno
64%
272,779OH-MIToledo
52%
449,974VA-NCVirginia Beach
51%
262,075NJ-NYJersey City
44%
195,769GA-ALColumbus
42%
182,799TN-GAChattanooga
37%
197,888GA-SCAugusta
33%
184,463WA-ORVancouver
27%
159,428VA-MDAlexandria
26%
195,494KS-MOOverland Park
17%
244,835VA-NCChesapeake
16%
158,146TN-KYClarksville
14%

Score Distribution

Percentile by Number Answered

Percent of People with Each Score

Your Score History

You have not taken this quiz